000 00471nam a2200157 i 4500
001 bg
100 1 _aHENN, Walter
245 0 _aObiekty socjalne w zakładach przemysłowych /
_cWalter Henn, Hilde Henn.
260 _aWarszawa,
_c1974.
700 1 _aHENN, Hilde
040 _cBPK
041 _apol
942 _cKS
008 s pl f |000 0 pol
856 _uhttp://koha.tu.koszalin.pl/cgi-bin/koha/opac-detail.pl?biblionumber=27172
_yKatalog online BPK
999 _c27172
_d27172